[Event "EST-ch"]
[Site "Tallinn"]
[Date "2021.12.12"]
[Round "2"]
[White "Rychagov, Nikita1111"]
[Black "Timoshin, Andrei"]
[Result "1/2-1/2"]
[WhiteElo "1985"]
[BlackElo "2150"]
[PlyCount "159"]
[EventDate "2021.12.11"]
[EventType "tourn"]
[EventRounds "9"]
[EventCountry "EST"]
[SourceTitle "CBM 205 Extra"]
[Source "ChessBase"]
[SourceDate "2022.01.31"]
[SourceVersion "1"]
[SourceVersionDate "2022.01.31"]
[SourceQuality "1"]

1. e4 d5 2. exd5 Qxd5 3. Nc3 Qd8 4. d4 Nf6 5. Nf3 Bg4 6. Bc4 e6 7. h3 Bxf3 8. Qxf3 c6 9. Be3 Nbd7 10. 0-0 Bd6 11. Rfe1 0-0 12. Bb3 Rc8 13. Ne4 Nxe4 14. Qxe4 Nf6 15. Qf3 Nd5 16. Bd2 Qf6 17. Qxf6 Nxf6 18. Rad1 h6 19. c4 Rfd8 20. Bc3 b5 21. Rc1 b4 22. Bd2 c5 23. dxc5 Bh2+ 24. Kxh2 Rxd2 25. Rc2 Rxc2 26. Bxc2 Rxc5 27. Rd1 Kf8 28. Rd8+ Ke7 29. Rb8 Rxc4 30. Rb7+ Kd6 31. Bb3 Rc7 32. Rxb4 Nd7 33. Kg3 Nb6 34. Kf3 Rc1 35. Rd4+ Ke7 36. Rd1 Rc5 37. Rd2 a5 38. Rc2 Rb5 39. Rc7+ Kf6 40. Ra7 g6 41. g3 Nc8 42. Ra6 Nb6 43. h4 Nd7 44. Ra7 Nb6 45. Kg2 g5 46. hxg5+ hxg5 47. Kf3 Nc8 48. Ra6 Nb6 49. Kg2 g4 50. Ra7 Nc8 51. Ra6 Nb6 52. Ra7 Nc8 53. Rd7 Nb6 54. Rd4 Kg5 55. Bd1 f5 56. b3 e5 57. Rd6 Nd5 58. Be2 Rc5 59. Bc4 Nb4 60. a4 Nc2 61. Ra6 Nd4 62. Kf1 f4 63. gxf4+ exf4 64. Rd6 Nf5 65. Rd5 Rxd5 66. Bxd5 f3 67. Ke1 Kf4 68. Kd2 Ke5 69. Bc4 Nd6 70. Ke3 Nf5+ 71. Kd2 Ne7 72. Ke3 Nf5+ 73. Kd2 Nd4 74. Ke3 Nc2+ 75. Kd2 Nb4 76. Ke3 Nc2+ 77. Kd2 Nb4 78. Ke3 Nc2+ 79. Kd2 Nd4 80. Ke3 1/2-1/2

[Event "Parnu Keres Memorial IM"]
[Site "Parnu"]
[Date "2021.08.04"]
[Round "6"]
[White "Timoshin, Andrei"]
[Black "Vypkhaniuk, Igor"]
[Result "0-1"]
[WhiteElo "2147"]
[BlackElo "2412"]
[PlyCount "87"]
[EventDate "2021.08.01"]
[EventType "tourn"]
[EventRounds "9"]
[EventCountry "EST"]
[EventCategory "3"]
[SourceTitle "CBM 203 Extra"]
[Source "ChessBase"]
[SourceDate "2021.09.30"]
[SourceVersion "1"]
[SourceVersionDate "2021.09.30"]
[SourceQuality "1"]

1. e4 c5 2. Nc3 Nc6 3. f4 g6 4. Nf3 Bg7 5. Bb5 Nd4 6. Nxd4 cxd4 7. Ne2 Nf6 8. Bd3 d6 9. c3 dxc3 10. dxc3 Qb6 11. Qb3 Qc5 12. Nd4 0-0 13. Be3 Qh5 14. Ne2 Ng4 15. Bg1 Qh4+ 16. Kd2 e5 17. Rf1 Be6 18. Bc4 Bxc4 19. Qxc4 Nf6 20. Be3 d5 21. exd5 Nxd5 22. Rf3 Qg4 23. Rg3 Nxe3 24. Kxe3 exf4+ 25. Nxf4 Qf5 26. Rf3 Rfe8+ 27. Kf2 Re4 28. Qc7 Rc8 29. Nd5 Rxc7 30. Rxf5 Rd7 31. Nf6+ Bxf6 32. Rxf6 Rd2+ 33. Kg3 Ree2 34. Rg1 Rxb2 35. Rd6 Re3+ 36. Kf4 Rxc3 37. Rd7 Rcc2 38. h4 Rxg2 39. Rc1 Rbf2+ 40. Ke5 Rf5+ 41. Ke4 Rxa2 42. Rxb7 Ra4+ 43. Ke3 a5 44. Kd2 0-1

[Event "Viljandi Raud Memorial 55th"]
[Site "Viljandi"]
[Date "2021.07.05"]
[Round "2"]
[White "Timoshin, Andrei"]
[Black "Pultinevicius, Paulius"]
[Result "0-1"]
[WhiteElo "2118"]
[BlackElo "2492"]
[PlyCount "98"]
[EventDate "2021.07.04"]
[EventType "swiss"]
[EventRounds "9"]
[EventCountry "EST"]
[SourceTitle "CBM 203 Extra"]
[Source "ChessBase"]
[SourceDate "2021.09.30"]
[SourceVersion "1"]
[SourceVersionDate "2021.09.30"]
[SourceQuality "1"]

1. e4 c6 2. d4 d5 3. exd5 cxd5 4. Bd3 Nc6 5. c3 Nf6 6. Bf4 g6 7. h3 Bf5 8. Nf3 e6 9. Be2 h5 10. Qb3 Bd6 11. Bxd6 Qxd6 12. Nbd2 Rb8 13. a4 h4 14. 0-0 Nh5 15. Rfe1 Nf4 16. c4 Kf8 17. Qc3 f6 18. c5 Qc7 19. b4 g5 20. b5 Nxe2+ 21. Rxe2 Ne7 22. Nh2 Kf7 23. Ndf1 Ng6 24. Rb2 Nf4 25. Qd2 Be4 26. Ne3 e5 27. Nhg4 Kg7 28. Kh1 exd4 29. Qxd4 Qf7 30. Rd2 Rhd8 31. Rc1 Rbc8 32. c6 bxc6 33. bxc6 Ne6 34. Qb4 d4 35. f3 Bg6 36. Nd1 Rc7 37. Ndf2 Rdc8 38. Qb5 Qe8 39. Re1 Qxc6 40. Qb3 Nc5 41. Qb2 d3 42. a5 Rb7 43. Qa3 Rcc7 44. Rc1 Qd6 45. Rcd1 Qd4 46. Re1 a6 47. Rdd1 Qb2 48. Qxb2 Rxb2 49. Ne3 Rxf2 0-1

[Event "EU-ch Online 2300+ Final"]
[Site "Chess.com INT"]
[Date "2020.05.30"]
[Round "7"]
[White "Lazov, Toni"]
[Black "Timoshin, Andrei"]
[Result "0-1"]
[WhiteElo "2405"]
[BlackElo "2132"]
[PlyCount "118"]
[EventDate "2020.05.30"]
[EventType "swiss"]
[EventRounds "8"]
[EventCountry "NET"]
[SourceTitle "CBM 196 Extra"]
[Source "ChessBase"]
[SourceDate "2020.07.31"]
[SourceVersion "1"]
[SourceVersionDate "2020.07.31"]
[SourceQuality "1"]

1. e4 c5 2. Be2 Nc6 3. d3 e6 4. f4 d5 5. Nf3 b6 6. 0-0 Bb7 7. c3 d4 8. Na3 Nf6 9. Qe1 Be7 10. Nc2 0-0 11. Kh1 Rc8 12. c4 a6 13. Rg1 b5 14. b3 Ne8 15. g4 f5 16. gxf5 exf5 17. Qg3 g6 18. e5 Ng7 19. Bd2 Qb6 20. Rab1 b4 21. Rg2 Nd8 22. h4 Nde6 23. Kh2 Nh5 24. Qf2 Nhxf4 25. Rgg1 Nxe2 26. Qxe2 Bxf3 27. Qxf3 Bxh4 28. Bh6 Rf7 29. Qh5 Bd8 30. Qh3 Bc7 31. Rbe1 Re8 32. Re2 Ng7 33. Rge1 Qb8 34. Qf3 Rxe5 35. Rxe5 Bxe5+ 36. Kg1 Bf6 37. Kg2 Qb7 38. Bxg7 Kxg7 39. Re6 Qxf3+ 40. Kxf3 a5 41. Rc6 Be7 42. a4 h5 43. Ne1 g5 44. Re6 h4 45. Kg2 g4 46. Ra6 Bd8 47. Rc6 Re7 48. Kf1 Re5 49. Ng2 Bg5 50. Rc7+ Kg6 51. Rc6+ Kh5 52. Rc8 h3 53. Rh8+ Kg6 54. Nh4+ Bxh4 55. Rxh4 Kg5 56. Rh8 Kf4 57. Kf2 g3+ 58. Kf1 Kg4 59. Rg8+ Kf3 0-1

[Event "EU-ch Online 2300+ Final"]
[Site "Chess.com INT"]
[Date "2020.05.30"]
[Round "2"]
[White "Patrelakis, Evaggelos"]
[Black "Timoshin, Andrei"]
[Result "1-0"]
[WhiteElo "2259"]
[BlackElo "2132"]
[PlyCount "191"]
[EventDate "2020.05.30"]
[EventType "swiss"]
[EventRounds "8"]
[EventCountry "NET"]
[SourceTitle "CBM 196 Extra"]
[Source "ChessBase"]
[SourceDate "2020.07.31"]
[SourceVersion "1"]
[SourceVersionDate "2020.07.31"]
[SourceQuality "1"]

1. e4 c5 2. Nf3 Nc6 3. d4 cxd4 4. Nxd4 Nf6 5. Nc3 e5 6. Ndb5 d6 7. Bg5 a6 8. Na3 b5 9. Bxf6 gxf6 10. Nd5 Bg7 11. Bd3 Be6 12. 0-0 f5 13. c4 bxc4 14. Nxc4 0-0 15. Rc1 Nd4 16. Nde3 f4 17. Nf5 Bxf5 18. exf5 d5 19. f6 Qxf6 20. Na5 e4 21. Bb1 f3 22. Re1 Qg5 23. g3 Ne2+ 24. Rxe2 fxe2 25. Qe1 Rfc8 26. Nc6 Qf6 27. Nb4 Qxb2 28. Nc6 Qb6 29. Ne7+ Kh8 30. Nxc8 Qe6 31. Qxe2 Rxc8 32. Rd1 f5 33. Bc2 d4 34. Bb3 Qe5 35. Qxa6 Rd8 36. Qb6 Rf8 37. Qe6 Qb8 38. Rc1 Qa8 39. Bd5 Qa3 40. Rc7 e3 41. fxe3 Qxe3+ 42. Qxe3 dxe3 43. Kf1 Rd8 44. Bb3 Be5 45. Rc5 Re8 46. Rc4 Kg7 47. Ke2 Bd6 48. Bc2 f4 49. gxf4 Kf6 50. Rc6 Ke7 51. Rc4 h6 52. Kxe3 Kf6+ 53. Kf3 Re1 54. Rc6 Ke7 55. Rc4 Rc1 56. h3 Rh1 57. Kg4 h5+ 58. Kxh5 Rxh3+ 59. Kg4 Rh2 60. f5 Kf6 61. a4 Rg2+ 62. Kf3 Rg3+ 63. Kf2 Ra3 64. Rc6 Ke5 65. Ke2 Ra2 66. Kd3 Ra3+ 67. Kc4 Ra2 68. Kb5 Rb2+ 69. Ka6 Bf8 70. a5 Kd5 71. Rc8 Be7 72. Ba4 Rb4 73. Bd7 Ke5 74. Be6 Rb2 75. Rc7 Bd6 76. Rd7 Bb4 77. Rd5+ Kf6 78. Rb5 Rb1 79. Kb6 Rb2 80. a6 Bc3 81. Rxb2 Bxb2 82. a7 Bd4+ 83. Kb7 Bxa7 84. Kxa7 Ke7 85. Kb6 Kf6 86. Kc5 Ke7 87. Kd5 Kf6 88. Kd6 Kg7 89. Ke7 Kh7 90. f6 Kg6 91. f7 Kh7 92. f8Q Kg6 93. Qf5+ Kg7 94. Qg4+ Kh6 95. Kf7 Kh7 96. Qh5# 1-0

[Event "EU-ch Online 2300+ Final"]
[Site "Chess.com INT"]
[Date "2020.05.30"]
[Round "6"]
[White "Timoshin, Andrei"]
[Black "Shirazi, Kamran"]
[Result "1-0"]
[WhiteElo "2132"]
[BlackElo "2355"]
[PlyCount "87"]
[EventDate "2020.05.30"]
[EventType "swiss"]
[EventRounds "8"]
[EventCountry "NET"]
[SourceTitle "CBM 196 Extra"]
[Source "ChessBase"]
[SourceDate "2020.07.31"]
[SourceVersion "1"]
[SourceVersionDate "2020.07.31"]
[SourceQuality "1"]

1. e4 e6 2. d4 c5 3. Nf3 cxd4 4. Nxd4 Nf6 5. Nc3 Bb4 6. Ndb5 0-0 7. a3 Bxc3+ 8. Nxc3 d5 9. Bd3 Nc6 10. 0-0 h6 11. Re1 dxe4 12. Nxe4 Ne5 13. Nc5 Nxd3 14. Nxd3 b6 15. Qf3 Rb8 16. Qg3 Ba6 17. Bxh6 Nh5 18. Qg4 Bxd3 19. cxd3 Qd5 20. Bg5 g6 21. d4 Rbc8 22. Re5 Qc4 23. Rae1 Kg7 24. Bh4 Rh8 25. h3 Rc7 26. Rd1 Rd7 27. Kh2 Rd5 28. Rxd5 Qxd5 29. Rc1 Qd6+ 30. Kg1 Qf4 31. Bg5 Qd6 32. b4 Rf8 33. h4 Re8 34. Be3 Re7 35. Qg5 f6 36. Qh6+ Kf7 37. Qh7+ Kf8 38. Bh6+ Ke8 39. Qxg6+ Kd7 40. Qxh5 e5 41. dxe5 Rxe5 42. Qg4+ Re6 43. Rd1 f5 44. Rxd6+ 1-0

[Event "EU-ch Online 2300+ Qual"]
[Site "Chess.com INT"]
[Date "2020.05.29"]
[Round "8"]
[White "Timoshin, Andrei"]
[Black "Iljin, Timofey"]
[Result "0-1"]
[WhiteElo "2132"]
[BlackElo "2273"]
[PlyCount "102"]
[EventDate "2020.05.29"]
[EventType "swiss"]
[EventRounds "8"]
[EventCountry "NET"]
[SourceTitle "CBM 196 Extra"]
[Source "ChessBase"]
[SourceDate "2020.07.31"]
[SourceVersion "1"]
[SourceVersionDate "2020.07.31"]
[SourceQuality "1"]

1. e4 c5 2. Nf3 Nc6 3. Bb5 e6 4. Bxc6 bxc6 5. d3 Ne7 6. Nh4 d5 7. Qe2 Ng6 8. Nxg6 hxg6 9. h3 Bd6 10. c4 dxc4 11. dxc4 Be5 12. Nd2 Bd4 13. Rb1 e5 14. Nf3 Bg4 15. 0-0 Qh4 16. b3 Qh5 17. Rd1 0-0-0 18. Be3 Bxf3 19. Qxf3 Qxf3 20. gxf3 Rxh3 21. Kg2 Rdh8 22. Rh1 Rxh1 23. Rxh1 Rxh1 24. Kxh1 Bxe3 25. fxe3 f5 26. Kg2 fxe4 27. fxe4 Kd7 28. Kg3 Ke6 29. Kg4 Kf6 30. Kh4 g5+ 31. Kh5 a6 32. a3 a5 33. a4 g4 34. Kxg4 Kg6 35. Kh4 Kh6 36. Kg4 g6 37. Kh4 g5+ 38. Kg4 Kg6 39. Kg3 Kh5 40. Kh3 g4+ 41. Kg3 Kg5 42. Kg2 Kh4 43. Kh2 g3+ 44. Kg2 Kg4 45. Kg1 Kf3 46. Kf1 g2+ 47. Kg1 Kg3 48. b4 axb4 49. a5 b3 50. a6 b2 51. a7 b1Q# 0-1

[Event "EU-ch Online 2300+ Qual"]
[Site "Chess.com INT"]
[Date "2020.05.29"]
[Round "7"]
[White "Timoshin, Andrei"]
[Black "Zakarian, David"]
[Result "0-1"]
[WhiteElo "2132"]
[BlackElo "2306"]
[PlyCount "54"]
[EventDate "2020.05.29"]
[EventType "swiss"]
[EventRounds "8"]
[EventCountry "NET"]
[SourceTitle "CBM 196 Extra"]
[Source "ChessBase"]
[SourceDate "2020.07.31"]
[SourceVersion "1"]
[SourceVersionDate "2020.07.31"]
[SourceQuality "1"]

1. e4 Nc6 2. Nf3 d6 3. d4 Nf6 4. Nc3 Bg4 5. Be2 e6 6. h3 Bh5 7. 0-0 Be7 8. Be3 0-0 9. a3 d5 10. e5 Ne4 11. Nb1 f6 12. exf6 Bxf6 13. c3 Qd6 14. Nbd2 Nxd2 15. Qxd2 e5 16. dxe5 Nxe5 17. Nxe5 Bxe2 18. Qxe2 Bxe5 19. Rad1 c6 20. Rfe1 Rae8 21. Qc2 b6 22. Qb3 Qf6 23. Qa4 Bb8 24. Qg4 Re4 25. Qh5 Rxe3 26. fxe3 Qf2+ 27. Kh1 Qg3 0-1

[Event "EU-ch Online U2300 Final"]
[Site "Chess.com INT"]
[Date "2020.05.26"]
[Round "4"]
[White "Budrewicz, Krzysztof"]
[Black "Timoshin, Andrei"]
[Result "1-0"]
[WhiteElo "2227"]
[BlackElo "2132"]
[PlyCount "135"]
[EventDate "2020.05.26"]
[EventType "swiss"]
[EventRounds "8"]
[EventCountry "NET"]
[SourceTitle "CBM 196 Extra"]
[Source "ChessBase"]
[SourceDate "2020.07.31"]
[SourceVersion "1"]
[SourceVersionDate "2020.07.31"]
[SourceQuality "1"]

1. d4 d5 2. c4 e6 3. Nf3 Nf6 4. Nc3 c5 5. cxd5 exd5 6. g3 Nc6 7. Bg2 Be7 8. 0-0 0-0 9. dxc5 Bxc5 10. Bg5 d4 11. Bxf6 Qxf6 12. Ne4 Qe7 13. Nxc5 Qxc5 14. a3 a5 15. Rc1 Qb6 16. Qd2 Be6 17. Ne1 Ne5 18. Nd3 Nxd3 19. Qxd3 Qxb2 20. Rb1 Qc3 21. Rxb7 Rab8 22. Ra7 Bc4 23. Qxc3 dxc3 24. Rc1 Bxe2 25. Bb7 Rbd8 26. Rxa5 Rd7 27. Be4 Rc7 28. f4 Re8 29. Kf2 Bg4 30. Re5 Rd8 31. Ke3 f6 32. Rd5 Re8 33. Kd4 c2 34. a4 Rb7 35. Rb5 Ra7 36. Bxc2 Be2 37. Bb3+ Kh8 38. Rb6 Rd7+ 39. Kc3 Rc8+ 40. Kb2 Rd2+ 41. Rc2 Rdxc2+ 42. Bxc2 h5 43. Bg6 h4 44. gxh4 Ra8 45. Rb4 Kg8 46. h5 Kf8 47. Be4 Ra7 48. Bc6 Bxh5 49. Rb8+ Ke7 50. Rb7+ Rxb7+ 51. Bxb7 Kd6 52. a5 Kc7 53. Bd5 Be2 54. Kc3 g5 55. f5 Bg4 56. Be4 Be2 57. Kd4 Kd6 58. Bb7 Kc7 59. Bd5 Kd6 60. Bc4 Bg4 61. Bd3 Bf3 62. a6 Kc7 63. Kc5 Bg2 64. Bc4 Be4 65. Bd5 Bxd5 66. Kxd5 Kb6 67. Ke6 Kxa6 68. Kxf6 1-0

[Event "EU-ch Online U2300 Qual"]
[Site "Chess.com INT"]
[Date "2020.05.25"]
[Round "4"]
[White "Tomilova, Elena"]
[Black "Timoshin, Andrei"]
[Result "1-0"]
[WhiteElo "2353"]
[BlackElo "2132"]
[PlyCount "55"]
[EventDate "2020.05.25"]
[EventType "swiss"]
[EventRounds "8"]
[EventCountry "NET"]
[SourceTitle "EXT 2021"]
[Source "ChessBase"]
[SourceDate "2020.10.23"]
[SourceVersion "1"]
[SourceVersionDate "2020.10.23"]
[SourceQuality "1"]

1. c4 e5 2. g3 Nf6 3. Bg2 Nc6 4. Nc3 Bb4 5. e4 Bxc3 6. bxc3 d6 7. Ne2 0-0 8. 0-0 Be6 9. d3 Qc8 10. f4 Bh3 11. f5 Bxg2 12. Kxg2 a6 13. a4 Rb8 14. Rb1 Qd7 15. h3 Na5 16. Bg5 Ne8 17. f6 b5 18. axb5 axb5 19. cxb5 Rxb5 20. Qa4 Rxb1 21. Qxd7 Rb2 22. Rf2 Nb7 23. Qg4 g6 24. Bh6 Nc5 25. Bxf8 Kxf8 26. Nc1 Rb1 27. Qd1 Nb3 28. Qxb3 1-0

[Event "Sitges Sunway online op"]
[Site "Chess.com INT"]
[Date "2020.04.26"]
[Round "8"]
[White "Timoshin, Andrei"]
[Black "Talukdar, Rohan Shyam"]
[Result "0-1"]
[WhiteElo "2132"]
[BlackElo "2341"]
[PlyCount "80"]
[EventDate "2020.04.19"]
[EventType "swiss"]
[EventRounds "9"]
[EventCountry "ESP"]
[SourceTitle "EXT 2021"]
[Source "ChessBase"]
[SourceDate "2020.10.23"]
[SourceVersion "1"]
[SourceVersionDate "2020.10.23"]
[SourceQuality "1"]

1. e4 c5 2. Nf3 d6 3. d4 cxd4 4. Qxd4 Nc6 5. Bb5 Bd7 6. Qd3 a6 7. Bxc6 Bxc6 8. c4 Nf6 9. Nc3 g6 10. h3 Bg7 11. Be3 0-0 12. 0-0 Rc8 13. Nd4 Nd7 14. Rac1 Nc5 15. Qc2 Ne6 16. Nxe6 fxe6 17. Qb3 Qd7 18. f3 b5 19. c5 d5 20. Rcd1 Rfd8 21. Rfe1 Bf6 22. Rd2 a5 23. Red1 a4 24. Qb4 Qb7 25. exd5 exd5 26. Qg4 Kf7 27. Ne4 Qd7 28. Ng5+ Bxg5 29. Qxg5 Qf5 30. Qh6 Kg8 31. Bd4 e5 32. Re2 Re8 33. Rde1 exd4 34. Re7 Rxe7 35. Rxe7 Qf6 36. Qxh7+ Kf8 37. Ra7 g5 38. Qh5 Be8 39. Qh7 Rxc5 40. Qb7 d3 0-1

[Event "EU-ch blitz"]
[Site "Tallinn"]
[Date "2019.12.07"]
[Round "14"]
[White "Timoshin, Andrei"]
[Black "Lopusiewicz, Piotr"]
[Result "0-1"]
[WhiteElo "2130"]
[BlackElo "2301"]
[PlyCount "84"]
[EventDate "2019.12.07"]
[EventType "swiss (blitz)"]
[EventRounds "22"]
[EventCountry "EST"]
[SourceTitle "CBM 193 Extra"]
[Source "ChessBase"]
[SourceDate "2020.01.31"]
[SourceVersion "1"]
[SourceVersionDate "2020.01.31"]
[SourceQuality "1"]

1. e4 e5 2. Nf3 Nc6 3. Nc3 Nf6 4. d4 exd4 5. Nxd4 Bb4 6. Nxc6 bxc6 7. Bd3 0-0 8. 0-0 d5 9. exd5 cxd5 10. h3 c6 11. Qf3 a5 12. Bf4 a4 13. Ne2 Re8 14. Rfd1 a3 15. b3 Qb6 16. c4 Be6 17. Rac1 c5 18. Bg5 dxc4 19. Bxc4 Bxc4 20. Rxc4 h6 21. Be3 Rad8 22. Rdc1 Bd2 23. Bxc5 Qe6 24. Nd4 Rxd4 25. Bxd4 Bxc1 26. Rxc1 Ne4 27. h4 Qd5 28. Rd1 Qc6 29. Qg4 g6 30. Rf1 h5 31. Qh3 Qc2 32. Qd7 Rf8 33. Qd5 Nc3 34. Qe5 Ne2+ 35. Kh1 Nxd4 36. Qxd4 Qxa2 37. Ra1 Qxb3 38. Qa7 Qb2 39. Rxa3 Qc1+ 40. Kh2 Qf4+ 41. g3 Qf5 42. Rb3 Qg4 0-1

[Event "EU-ch blitz U18"]
[Site "Tallinn"]
[Date "2019.12.03"]
[Round "3"]
[White "Timoshin, Andrei"]
[Black "Haring, Filip"]
[Result "0-1"]
[WhiteElo "2132"]
[BlackElo "2288"]
[PlyCount "72"]
[EventDate "2019.12.03"]
[EventType "swiss (blitz)"]
[EventRounds "9"]
[EventCountry "EST"]
[SourceTitle "CBM 193 Extra"]
[Source "ChessBase"]
[SourceDate "2020.01.31"]
[SourceVersion "1"]
[SourceVersionDate "2020.01.31"]
[SourceQuality "1"]

1. e4 c5 2. Nf3 Nc6 3. Bb5 g6 4. 0-0 Bg7 5. c3 a6 6. Bxc6 dxc6 7. d4 Nf6 8. Re1 0-0 9. h3 cxd4 10. cxd4 Nd7 11. Nc3 c5 12. Be3 b6 13. Qb3 cxd4 14. Bxd4 Bxd4 15. Nxd4 Nc5 16. Qd1 Bb7 17. b4 e5 18. bxc5 exd4 19. Na4 bxc5 20. Nxc5 Bc6 21. Qd2 Qd6 22. Rac1 Rfd8 23. Red1 a5 24. Re1 a4 25. Nd3 Bb5 26. Nc5 Qb6 27. a3 d3 28. Red1 Rac8 29. Nxd3 Rxc1 30. Rxc1 Rxd3 31. Rc8+ Kg7 32. Qb2+ f6 33. Qc2 Qd6 34. Rc7+ Kh6 35. Qc1+ g5 36. Qc2 Rd1+ 0-1

[Event "Helsinki U20"]
[Site "Helsinki"]
[Date "2019.08.17"]
[Round "8"]
[White "Ingebretsen, Jens E"]
[Black "Timoshin, Andrei"]
[Result "1-0"]
[WhiteElo "2277"]
[BlackElo "2154"]
[PlyCount "75"]
[EventDate "2019.08.14"]
[EventType "tourn"]
[EventRounds "9"]
[EventCountry "FIN"]
[SourceTitle "CBM 191 Extra"]
[Source "ChessBase"]
[SourceDate "2019.09.30"]
[SourceVersion "1"]
[SourceVersionDate "2019.09.30"]
[SourceQuality "1"]

1. c4 e5 2. Nc3 Nc6 3. Nf3 Nf6 4. g3 d5 5. cxd5 Nxd5 6. Bg2 Nb6 7. Rb1 a5 8. a3 a4 9. d3 Be7 10. Be3 0-0 11. Bxb6 cxb6 12. 0-0 Be6 13. Nxa4 e4 14. Ne1 exd3 15. Nxd3 Nd4 16. Nc3 Bb3 17. Qd2 Bc2 18. Rbe1 Nxe2+ 19. Qxe2 Bxd3 20. Qxe7 Bxf1 21. Bxf1 Qd2 22. Re2 Qc1 23. Qe3 Qxe3 24. Rxe3 Rfd8 25. Re7 Rd2 26. b3 Rc2 27. Nd5 g6 28. a4 Rb8 29. Bc4 Kf8 30. Rd7 b5 31. axb5 Kg7 32. Nf4 b6 33. Rxf7+ Kh8 34. Nh3 h6 35. Nf4 Rg8 36. Rb7 g5 37. Nh5 Rf8 38. Rxb6 1-0

[Event "Helsinki U20"]
[Site "Helsinki"]
[Date "2019.08.17"]
[Round "7"]
[White "Timoshin, Andrei"]
[Black "Apol, Luitjen Akselsson"]
[Result "1/2-1/2"]
[WhiteElo "2154"]
[BlackElo "2059"]
[PlyCount "148"]
[EventDate "2019.08.14"]
[EventType "tourn"]
[EventRounds "9"]
[EventCountry "FIN"]
[SourceTitle "CBM 191 Extra"]
[Source "ChessBase"]
[SourceDate "2019.09.30"]
[SourceVersion "1"]
[SourceVersionDate "2019.09.30"]
[SourceQuality "1"]

1. e4 c5 2. Nf3 d6 3. d4 cxd4 4. Qxd4 Nc6 5. Bb5 Bd7 6. Bxc6 Bxc6 7. c4 Nf6 8. Nc3 g6 9. 0-0 Bg7 10. Qd3 0-0 11. Rb1 Nd7 12. b4 b6 13. Bb2 Rc8 14. Nd5 Ne5 15. Nxe5 dxe5 16. b5 Bb7 17. Ba3 Re8 18. Nxe7+ Rxe7 19. Qxd8+ Rxd8 20. Bxe7 Re8 21. Bd6 Bxe4 22. Rbd1 Rc8 23. Rfe1 Bf5 24. Bxe5 Bxe5 25. Rxe5 Rxc4 26. Re7 Ra4 27. Rd8+ Kg7 28. Ra8 Rxa2 29. Raxa7 Rxa7 30. Rxa7 Bd3 31. Rb7 Bxb5 32. Rxb6 Bd7 33. f3 h5 34. Kf2 Bc8 35. Ke3 Bf5 36. Kf4 Bd3 37. g4 hxg4 38. fxg4 Bc2 39. h4 Bd3 40. Rb2 Bc4 41. Ke5 Be6 42. Kf4 Bd5 43. Rb5 Bc4 44. Rg5 Kh6 45. Rc5 Be2 46. Re5 Bd1 47. Re1 Bb3 48. Ke5 Be6 49. Re4 Kg7 50. Kd6 Bb3 51. Ke7 Bd5 52. Re3 Bc4 53. Re5 Bb3 54. h5 gxh5 55. Rg5+ Kh6 56. Kf6 hxg4 57. Rg8 Kh7 58. Rxg4 Bc2 59. Rg7+ Kh8 60. Rxf7 Bh7 61. Rc7 Bg8 62. Rc8 Kh7 63. Ke7 Kg7 64. Rc3 Bh7 65. Rh3 Kh8 66. Kf6 Kg8 67. Kg5 Kg7 68. Rh6 Kh8 69. Rh1 Kg7 70. Ra1 Bg8 71. Ra6 Bh7 72. Rb6 Bg8 73. Rg6+ Kh8 74. Rxg8+ Kxg8 1/2-1/2

[Event "EU-ch U16"]
[Site "Bratislava"]
[Date "2019.08.09"]
[Round "8"]
[White "Timoshin, Andrei"]
[Black "Stefansson, Vignir Vatnar"]
[Result "1/2-1/2"]
[WhiteElo "2154"]
[BlackElo "2314"]
[PlyCount "42"]
[EventDate "2019.08.02"]
[EventType "swiss"]
[EventRounds "9"]
[EventCountry "SVK"]
[SourceTitle "CBM 191 Extra"]
[Source "ChessBase"]
[SourceDate "2019.09.30"]
[SourceVersion "1"]
[SourceVersionDate "2019.09.30"]
[SourceQuality "1"]

1. e4 c5 2. Nf3 Nc6 3. Bb5 g6 4. 0-0 Bg7 5. c3 Nf6 6. e5 Nd5 7. d4 cxd4 8. cxd4 0-0 9. Nc3 Nc7 10. Bg5 Nxb5 11. Nxb5 a6 12. Nd6 h6 13. Bh4 g5 14. Bxg5 hxg5 15. Nxg5 f6 16. exf6 Rxf6 17. Qh5 Rxd6 18. Qf7+ Kh8 19. Qh5+ Kg8 20. Qf7+ Kh8 21. Qf5 Kg8 1/2-1/2

[Event "EU-ch U16"]
[Site "Bratislava"]
[Date "2019.08.08"]
[Round "7"]
[White "Timoshin, Andrei"]
[Black "Mis, Mieszko"]
[Result "1/2-1/2"]
[WhiteElo "2154"]
[BlackElo "2296"]
[PlyCount "76"]
[EventDate "2019.08.02"]
[EventType "swiss"]
[EventRounds "9"]
[EventCountry "SVK"]
[SourceTitle "CBM 191 Extra"]
[Source "ChessBase"]
[SourceDate "2019.09.30"]
[SourceVersion "1"]
[SourceVersionDate "2019.09.30"]
[SourceQuality "1"]

1. e4 c5 2. Nf3 d6 3. d4 Nf6 4. Nc3 cxd4 5. Qxd4 a6 6. h3 Nc6 7. Qe3 g6 8. Bd2 Bg7 9. Nd5 0-0 10. c4 Rb8 11. Bd3 b5 12. cxb5 axb5 13. 0-0 Be6 14. Nxf6+ Bxf6 15. Rac1 Ne5 16. Nxe5 Bxe5 17. b3 b4 18. f4 Bg7 19. f5 Bd7 20. Qf3 Bb5 21. Bg5 Qd7 22. f6 exf6 23. Bxb5 Rxb5 24. Bxf6 Bxf6 25. Qxf6 Re8 26. Rc4 d5 27. exd5 Qxd5 28. Rc7 Rf8 29. Rf4 Rb7 30. Rxb7 Qxb7 31. Qd6 Qa7+ 32. Kh2 Qxa2 33. Rxb4 Qa3 34. Qf4 Qa7 35. Rb5 Re8 36. Qg3 Rd8 37. Qe5 Qa8 38. b4 Re8 1/2-1/2

[Event "EU-ch U16"]
[Site "Bratislava"]
[Date "2019.08.04"]
[Round "3"]
[White "Fecker, Noah"]
[Black "Timoshin, Andrei"]
[Result "0-1"]
[WhiteElo "2302"]
[BlackElo "2154"]
[PlyCount "152"]
[EventDate "2019.08.02"]
[EventType "swiss"]
[EventRounds "9"]
[EventCountry "SVK"]
[SourceTitle "CBM 191 Extra"]
[Source "ChessBase"]
[SourceDate "2019.09.30"]
[SourceVersion "1"]
[SourceVersionDate "2019.09.30"]
[SourceQuality "1"]

1. e4 c5 2. Nf3 Nc6 3. Bb5 g6 4. c3 Bg7 5. d4 cxd4 6. cxd4 Nf6 7. Nc3 d5 8. Ne5 Bd7 9. Nxd7 Nxd7 10. e5 a6 11. Be2 e6 12. Rb1 Qh4 13. Be3 0-0 14. g3 Qe7 15. f4 f6 16. exf6 Bxf6 17. Bg4 Rfe8 18. 0-0 Qg7 19. Ne2 Nb6 20. b3 Nc8 21. Qd3 Nd6 22. Rfd1 Rac8 23. a3 Rc7 24. Kg2 Nf5 25. Bf2 Qe7 26. b4 b5 27. Rbc1 Rec8 28. Rc5 Nd6 29. Nc3 Qf7 30. Re1 Nd8 31. Rc1 N8b7 32. Rxc7 Rxc7 33. Re1 Nf5 34. Bf3 Kf8 35. g4 Nh4+ 36. Bxh4 Bxh4 37. Rf1 Bf6 38. f5 gxf5 39. gxf5 Qg7+ 40. Kh1 Bxd4 41. Ne2 Be5 42. fxe6 Ke7 43. Bxd5 Nd6 44. Qe3 Kd8 45. Rg1 Qf6 46. Qb6 Nf5 47. Bc6 Qxe6 48. Qb8+ Rc8 49. Qb6+ Ke7 50. Qc5+ Kf6 51. Bd5 Rxc5 52. Bxe6 Rc2 53. Bxf5 Kxf5 54. Ng3+ Kf4 55. Rf1+ Kg4 56. Rf7 h5 57. Nf1 Rc3 58. Re7 Bf4 59. Rg7+ Kf3 60. Rf7 Rxa3 61. Nd2+ Ke3 62. Nf1+ Ke4 63. Kg2 Ra2+ 64. Kh3 Rf2 65. Re7+ Kf3 66. Ng3 h4 67. Rf7 hxg3 68. hxg3 Ke3 69. gxf4 Rxf4 70. Ra7 Kd3 71. Kg3 Rxb4 72. Rxa6 Re4 73. Kf3 Re8 74. Rb6 Rf8+ 75. Kg2 Kc4 76. Rc6+ Kb3 0-1